logoja - Tietokilpailu #2 - Statistics

Yleistilastot
  • Tätä visaa on pelattu 247 kertaa
  • Keskiarvotulos 15 / 20
Vastaustilastot
Kuvavisa Vastaus % Oikein
Google
99%
Lego
99%
Puma
97%
SnapChat
96%
Toyota
95%
Twitter
94%
Starbucks
93%
Skoda Auto
92%
Spotify
91%
Firefox
90%
Burger King
88%
X-Box
87%
Microsoft
85%
Playboy
79%
Gucci
76%
The North Face
54%
Nestlé
39%
WalMart
39%
Beats by Dre
32%
AT&T
13%
Ehtoja vastaavia visoja ei löytynyt
Tulosjakauma
Jokaisen tuloksen saaneiden osuus
Persentiili vastausten määrän mukaan
Tuloshistoriasi
Et ole pelannut tätä visaa